<?xml version="1.0" encoding="UTF-8"?>
<record
    xmlns:xsi="http://www.w3.org/2001/XMLSchema-instance"
    xsi:schemaLocation="http://www.loc.gov/MARC21/slim http://www.loc.gov/standards/marcxml/schema/MARC21slim.xsd"
    xmlns="http://www.loc.gov/MARC21/slim">

  <leader>01275nam a22002777a 4500</leader>
  <controlfield tag="003">OSt</controlfield>
  <controlfield tag="005">20231006175038.0</controlfield>
  <controlfield tag="008">231006b           ||||| |||| 00| 0 spa d</controlfield>
  <datafield tag="040" ind1=" " ind2=" ">
    <subfield code="c">CO-MqBPB</subfield>
  </datafield>
  <datafield tag="041" ind1=" " ind2=" ">
    <subfield code="a">spa</subfield>
  </datafield>
  <datafield tag="082" ind1=" " ind2=" ">
    <subfield code="2">860.321</subfield>
    <subfield code="a">M27c</subfield>
  </datafield>
  <datafield tag="100" ind1=" " ind2=" ">
    <subfield code="a">Merlo, Alejandra. </subfield>
  </datafield>
  <datafield tag="245" ind1=" " ind2=" ">
    <subfield code="a">Charla la poes&#xED;a de Passolini / </subfield>
    <subfield code="c"> Alejandra Merlo.</subfield>
  </datafield>
  <datafield tag="260" ind1=" " ind2=" ">
    <subfield code="a">Bogot&#xE1; : </subfield>
    <subfield code="b">Casa de Poes&#xED;a Silva</subfield>
    <subfield code="c">1995</subfield>
  </datafield>
  <datafield tag="300" ind1=" " ind2=" ">
    <subfield code="a">1 compact disc son. </subfield>
    <subfield code="b">(46 min.) : digital ; </subfield>
    <subfield code="c">12 cm.</subfield>
  </datafield>
  <datafield tag="490" ind1=" " ind2=" ">
    <subfield code="a"> Voces para el tiempo</subfield>
  </datafield>
  <datafield tag="500" ind1=" " ind2=" ">
    <subfield code="a">Conferencia realizada el 23 de noviembre de 1995.</subfield>
  </datafield>
  <datafield tag="505" ind1=" " ind2=" ">
    <subfield code="a">Anuncio (0:35 min.) / Mar&#xED;a Mercedes Carranza ; Pier Paolo Pasolini (33:48 min.) / Alejandra Merlo ; S&#xFA;plica a mi madre (De Pier Paolo Pasolini) (2:02 min.) ; Fragmento epistolar al muchacho Codi&#xF1;ola (De Pier Paolo Pasolini) (9:10 min.) / Jos&#xE9; Luis D&#xED;az Granados</subfield>
  </datafield>
  <datafield tag="650" ind1=" " ind2=" ">
    <subfield code="a">Pasolini, Pier Paolo, 1922-1975</subfield>
    <subfield code="x">Cr&#xED;tica e interpretaci&#xF3;n Literatura italiana </subfield>
  </datafield>
  <datafield tag="650" ind1=" " ind2=" ">
    <subfield code="a">Historia y cr&#xED;tica </subfield>
    <subfield code="x">Congresos, conferencias, etc </subfield>
  </datafield>
  <datafield tag="650" ind1=" " ind2=" ">
    <subfield code="a">Compact disc Poes&#xED;a italiana</subfield>
    <subfield code="x">Historia y cr&#xED;tica </subfield>
  </datafield>
  <datafield tag="650" ind1=" " ind2=" ">
    <subfield code="a">Congresos, conferencias, etc</subfield>
    <subfield code="x">Compact disc</subfield>
  </datafield>
  <datafield tag="700" ind1=" " ind2=" ">
    <subfield code="a">Carranza, Mar&#xED;a Mercedes, </subfield>
    <subfield code="d">1945-2003.  </subfield>
  </datafield>
  <datafield tag="700" ind1=" " ind2=" ">
    <subfield code="a">D&#xED;az Granados, Jos&#xE9; Luis, </subfield>
    <subfield code="d">1946- </subfield>
  </datafield>
  <datafield tag="942" ind1=" " ind2=" ">
    <subfield code="2">ddc</subfield>
    <subfield code="c">CDROM</subfield>
  </datafield>
  <datafield tag="999" ind1=" " ind2=" ">
    <subfield code="c">15071</subfield>
    <subfield code="d">15071</subfield>
  </datafield>
  <datafield tag="952" ind1=" " ind2=" ">
    <subfield code="0">0</subfield>
    <subfield code="1">0</subfield>
    <subfield code="2">ddc</subfield>
    <subfield code="4">0</subfield>
    <subfield code="7">0</subfield>
    <subfield code="8">MUL</subfield>
    <subfield code="a">BPMOS</subfield>
    <subfield code="b">BPMOS</subfield>
    <subfield code="d">2023-10-06</subfield>
    <subfield code="e">Dotaci&#xF3;n Biblioteca 2023</subfield>
    <subfield code="l">0</subfield>
    <subfield code="o">860.321 M27c</subfield>
    <subfield code="p">MOS503379</subfield>
    <subfield code="r">2023-10-06</subfield>
    <subfield code="t">Ej. 1</subfield>
    <subfield code="w">2023-10-06</subfield>
    <subfield code="y">CDROM</subfield>
    <subfield code="z">Tres d&#xED;as</subfield>
  </datafield>
</record>
